00141 a2200073 450000100060000010000170000624500260002326000180004922648 aShinner, S M acontrol system Design abVileyc1964